Countries That Don't Recognize Christmas - Statistics

General Stats
  • This quiz has been taken 41 times
  • The average score is 27 of 33
Answer Stats
Answer % Correct
China
95%
United Arab Emirates
95%
Iran
92%
North Korea
92%
Qatar
92%
Saudi Arabia
92%
Oman
89%
Yemen
89%
Afghanistan
86%
Algeria
86%
Azerbaijan
86%
Bahrain
86%
Morocco
86%
Japan
84%
Laos
84%
Libya
84%
Turkmenistan
84%
Uzbekistan
84%
Vietnam
84%
Bhutan
81%
Kuwait
81%
Mauritania
78%
Tajikistan
78%
Thailand
78%
Turkey
78%
Somalia
76%
Tunisia
76%
Cambodia
73%
Taiwan
73%
Israel
70%
Mongolia
65%
Comoros
62%
Maldives
62%
No matching quizzes found
Score Distribution
Percent of People with Each Score
Percentile by Number Answered
Your Score History
You have not taken this quiz